Propuesta de reestructuración de la deuda externa

में बचाया:
ग्रंथसूची विवरण
स्वरूप: मूलपाठ
विषय:
टैग: टैग जोड़ें
कोई टैग नहीं, इस रिकॉर्ड को टैग करने वाले पहले व्यक्ति बनें!

MARC

LEADER 00000 a a2200000 04500
001 10261
003
040
245 |a Propuesta de reestructuración de la deuda externa  
650 |a DEUDA EXTERNA  
773 |g número 26; páginas 5  
999 |c 22550  |d 22550